000 01432nam a2200253 i 4500
001 91700
003 ES-MaACL
005 20250809063509.0
007 t|
008 050207s1998 sp ||||1| spa d
080 _a284(460)"18"
080 _a373.2/.5(460.27 M.)
100 1 _aVilar, Juan Bautista,
_d1941-2018
_9114797
245 1 3 _aEl 98 y las minorías religiosas
_b: Alemania y el establecimiento de un gran colegio protestante en el Madrid finisecular /
_cJuan B. Vilar.
260 _aMurcia :
_bUniversidad de Murcia, Departamento de Historia Moderna, Contemporánea y de América,
_c1998.
300 _a20 p. :
_bil. ;
_c24 cm.
594 _aEl Colegio Evangélico Alemán “El Porvenir” es -con el Instituto Internacional-, el primer centro de enseñanza media y superior con que contó la minoría protestante en España. Se estudia la adquisición de los terrenos sobre los que se asentó por el pastor alemán Friedrich Fliedner, la expropiación parcial de los mismos por el Estado en 1881 y la edificación del Colegio entre 1892-97.
595 _aSeparata de: Anales de historia contemporánea, n. 14, 1998.
610 2 4 _aColegio Evangélico Aleman "El Porvenir"
_92918
650 1 4 _aProtestantismo-
_zEspaña-
_yS.XIX.
_916522
710 2 _aUniversidad de Murcia.
_bDepartamento de Historia Moderna, Contemporánea y de América.
_97239
852 _aES-MaACL
_j2186-F-6
999 _c91700
_d91700